Most streamed songs : Coldplay - Statistics

General Stats
  • This quiz has been taken 109 times
    28 since last reset
  • The average score is 7 of 10
Answer Stats
Streams Song % Correct
3 544 000 000 Yellow
96%
3 154 500 000 Viva La Vida
88%
2 021 500 000 Fix You
77%
2 716 000 000 The Scientist
77%
1 780 500 000 Paradise
69%
2 232 500 000 A Sky Full of Stars
65%
1 557 000 000 My Universe (with BTS)
65%
1 865 500 000 Hymn for the Weekend
58%
1 875 000 000 Sparks
50%
3 491 500 000 Something Just Like This (with The Chainsmokers)
46%
No matching quizzes found
Score Distribution
Percent of People with Each Score
Percentile by Number Answered
Your Score History
You have not taken this quiz since the last reset